000
00317nam a2200133Ia 4500
005
20260328101505.0
008
260328s9999||||xx |||||||||||||| ||und||
100
_a
Le Corbusier
245
0
_a
La Casa de los Hombres /
_c
Le Corbusier
260
_b
Apóstrofe
300
_a
220 p.
650
_a
ARQUITECTURA
942
_c
BK
999
_c
9003
_d
9003